000
00302nam a2200133Ia 4500
100
_a
Schneider G.M
942
_c
BK
654
_a
pascal
245
_a
Advanced programming and problem solving with pascal
260
_b
John wiley
_a
New York
_c
1987
300
_a
621
546
_a
ENGLISH
999
_c
32734
_d
32734